Quick Pick: 'D' World Landmarks Quiz Stats

 Plays Quiz Updated Oct 5, 2016

Challenge
Share
Tweet
Embed
Score 0/12 Timer 01:30
2 Plays Today
% Correct
Germany
91.5%
United Kingdom
89.3%
Bangladesh
80.8%
South Korea
75.2%
Spain
75%
Netherlands
58.6%
United States
56%
New Zealand
54.2%
Italy
53.2%
Sweden
47.6%
South Africa
32.8%
Czechia
31.7%

Today's Daily Dose

Word Ladder
Aquatic Life

On This Day
August 21st II

You're not logged in!

Compare scores with friends on all Sporcle quizzes.
Join for Free
OR
Log In

You Might Also Like...

Show Comments

Extras

Top Quizzes Today


Score Distribution

Your Account Isn't Verified!

In order to create a playlist on Sporcle, you need to verify the email address you used during registration. Go to your Sporcle Settings to finish the process.

Report this User

Report this user for behavior that violates our Community Guidelines.

Details: